000 01833nam1a2200385 4500
001 RU\NLR\BIBL_A\012327213
005 20201006122913.0
035 _a(NLR Aleph) 012327213
090 _a11453153
_c11453153
100 _a20200904g20179999k y0rusy50 ca
101 0 _arus
_aoss
102 _aRU
105 _a||||z||||||||
181 0 _ai
_baxxe
182 0 _an
200 1 _aЭтнология. Культурология. Семиотика
_eизбранные труды
_fВилен Уарзиати
_g[составители: Е.М. Кочиева, А.П. Донченко
_gредакторы: Елизавета Кочиева, Андрей Донченко
_gкомментарии: Е.М. Кочмева]
203 _aТекст
_bвизуальный
_cнепосредственный
210 _aВладикавказ
_cАбета
_d2017
215 _d25
300 _aНа 4-й с. обл. авт.: В.С. Уарзиати к.ист.н., проф.
300 _aЧасть текста на осет. яз.
320 _aДр. произведения авт. на 4-й с. обл.
600 1 _aУарзиати
_bВ.С.
_gВилен Савельевич
_f1952 - 1995
_2nlr_sh1
_2nlr_sh2
_3RU\NLR\AUTH\661417711
606 1 _aОсетины
_xИсторико-этнографические исследования
_2nlr_sh1
_2nlr_sh2
_3RU\NLR\AUTH\661408755
686 1 _aТ5г(2)7д
686 1 _aТ52(241=О)
686 1 _aТ3(2Р-6С)0,02
700 1 _aУарзиати
_bВ. С.
_f1952-1995
_gВилен Савельевич
702 1 _aКочиева
_bЕ. М.
_gЕлизавета М
_4340
852 _aNLR
_j2020-7/3150
942 _cBOOK
980 _aNBR
980 _aNB